| 000 | 00630nam a22001937a 4500 | ||
|---|---|---|---|
| 005 | 20251108170803.0 | ||
| 008 | 250721s2001 xx 000 0 ara d | ||
| 082 | 1 | 4 | _a956.411/عوا |
| 100 | 1 | _aعواد، محمود | |
| 245 | 1 | 0 | _aالقدس و طروحات التسوية السياسية / |
| 264 | 1 |
_aعمان : _bمنشورات اللجنة الملكية لشؤون القدس، _c2001. |
|
| 300 | _a350ص. | ||
| 650 | 1 | 7 | _aالقدس |
| 650 | 1 | 7 | _aتاريخ فلسطين |
| 650 | 1 | 7 | _aالنزاع العربي الإسرئيلي |
| 700 | 1 |
_aغنايم، زهير _eجمع |
|
| 942 |
_2ddc _cBK |
||
| 999 |
_c48964 _d48964 |
||